000
00338nam a22001457a 4500
008
230615b ||||| |||| 00| 0 eng d
020
_a
97810651357
041
_a
eng
080
_2
EDITION 18
_a
61
082
_a
61DAV
100
_a
5
101
_a
MJKP
245
_a
TABER'S CYCLOPEDIC MEDICAL DICTIONARY
_c
DAVIS.A.F
942
_2
udc
_c
BK
999
_c
59989
_d
59989